000 00588 a2200241 4500
001 48323
020 _a9788508024209
020 _a9788508181759
041 _apor
082 _aAP Year 1 028
250 _a20. ed.
300 _a16 p.
490 _aGato e rato
697 _aLiteratura infanto-juvenil brasileira
830 _aGato e rato
856 _u000003/00000379.jpg
040 _aBR-BrIDEA
_cBR-BrIDEA
090 _aAP Year 1 028
_bFRA
100 _aFrança, Mary
_d1948
245 1 0 _aA bota do bode
_cMary França
260 _aSão Paulo
_bÁtica
_c2000
942 _cBK
999 _c48323
_d48323